Score 0/20 Timer 10:00
0 Plays Today
Character Show % Correct
DWArthur
73.7%
GnasherDennis The menace
45.9%
TheodoreAlvin and The Chipmunks
45.2%
Paul and BarryChucklevision
42.3%
BungleRainbow
37%
PJ and DuncanByker Grove
37%
ScreechSaved by the bell
35.2%
Mrs GogginsPostman Pat
34.2%
Helga PatakiHey Arnold
31%
Hilda SpellmanSabrina The Teenage Witch
31%
Character Show % Correct
TuckerGrange Hill
26%
Peggy Patch Playdays
20.3%
Dill The DogThe Herbs
13.9%
Harmony ParkerThe Queen's nose
13.5%
Cyril SneerRaccoons
12.1%
Elspeth and Angus MctootFamily Ness
8.5%
SnufkinMoomin
8.2%
Dinah HunterThe Demon headmaster
7.8%
Harold GribbleRound The Twist
2.8%
VirgilMighty Max
0.4%
Remove Ads.
Support Sporcle.
Get the best of Sporcle when you Go Orange. This ad-free experience offers more features, more stats, and more fun while also helping to support Sporcle. Thank you for becoming a member.

You're not logged in!

Compare scores with friends on all Sporcle quizzes.
OR
Log In

Show Comments

Extras

Created Nov 10, 2010ReportNominate
Tags:Show Quiz, Character, Children

Top Quizzes Today


Score Distribution

Your Account Isn't Verified!

In order to create a playlist on Sporcle, you need to verify the email address you used during registration. Go to your Sporcle Settings to finish the process.

Report this User

Report this user for behavior that violates our Community Guidelines.

Details: